000 00666cam a22002172 4500
001 0000005771
005 20151217145825.0
008 070716s xx 000 0 eng d
020 _a8120317238 :
_cKES 1,400
040 _aKABU
_cKABU
050 0 _aHF5686
_b.C8N54
100 1 _aNigam, B. M. Lall.
_@0000156984
245 1 0 _aCost accounting :
_bprinciples and practice /
_cby B. M. Lall Nigam and I. C. Jain.
260 _aNew Delhi :
_bPrentice Hall,
_c2000.
300 _axii, 1164 p.
650 0 _aCost accounting.
_@0000151497
700 1 _aJain, I. C.
_@0000156985
908 _a070716
950 _@1
999 _c2967
_d2967